[Event "4NCL Division 1c"]
[Site "Birmingham, ENG"]
[Date "2016.03.20"]
[Round "8.111"]
[White "Howell, David W L"]
[Black "Gormally, Daniel W"]
[Result "1-0"]
[WhiteElo "2674"]
[BlackElo "2489"]
[PlyCount "52"]
[EventDate "2016.03.20"]
[WhiteTeam "Cheddleton 1"]
[BlackTeam "Blackthorne Russia"]

1. e4 g6 2. d4 Bg7 3. Nf3 d6 4. Bc4 a6 5. O-O e6 6. a4 b6 7. d5 e5 8. a5 b5 9.
Bd3 Nf6 10. c4 bxc4 11. Qa4+ Bd7 12. Qxc4 Bb5 13. Qc2 Bxd3 14. Qxd3 O-O 15. Bg5
Nbd7 16. b4 h6 17. Bxf6 Nxf6 18. Nbd2 Nh5 19. g3 f5 20. Rfc1 Qd7 21. Rc6 fxe4
22. Nxe4 Qg4 23. Nfd2 Nf4 24. Qc4 Rf7 25. f3 Nh3+ 26. Kg2 Rxf3 1-0

[Event "4NCL Division 1c"]
[Site "Birmingham, ENG"]
[Date "2016.03.20"]
[Round "8.112"]
[White "Hunt, Harriet V"]
[Black "Hawkins, Jonathan"]
[Result "0-1"]
[WhiteElo "2449"]
[BlackElo "2585"]
[PlyCount "80"]
[EventDate "2016.03.20"]
[WhiteTeam "Blackthorne Russia"]
[BlackTeam "Cheddleton 1"]

1. e4 c6 2. d4 d5 3. e5 c5 4. c4 cxd4 5. Nf3 Bg4 6. Qa4+ Qd7 7. Qxd7+ Nxd7 8.
Nxd4 dxc4 9. h3 Bh5 10. e6 Nb6 11. Na3 O-O-O 12. Be3 c3 13. bxc3 Nd5 14. Bd2
Ngf6 15. Bd3 g5 16. O-O Nf4 17. Bxf4 gxf4 18. Rab1 fxe6 19. Rfe1 Bg7 20. Rxe6
Nd5 21. Bf5 Kc7 22. Nab5+ Kb8 23. c4 Nb6 24. Nb3 Bf6 25. c5 Na8 26. c6 Rd5 27.
cxb7 Nb6 28. Na5 Rxf5 29. Nc6+ Kxb7 30. Nbxa7 Bf7 31. Re2 Rc5 32. a4 Rxc6 33.
Nxc6 Kxc6 34. Rc2+ Nc4 35. Rb4 Kc5 36. Rb5+ Kd4 37. Rf5 Ke4 38. Rc5 Kd3 39. Rc1
Ra8 40. Rf5 Ke4 0-1

[Event "4NCL Division 1c"]
[Site "Birmingham, ENG"]
[Date "2016.03.20"]
[Round "8.114"]
[White "Ansell, Simon T"]
[Black "Arkell, Keith C"]
[Result "1/2-1/2"]
[WhiteElo "2357"]
[BlackElo "2451"]
[PlyCount "92"]
[EventDate "2016.03.20"]
[WhiteTeam "Blackthorne Russia"]
[BlackTeam "Cheddleton 1"]

1. e4 c6 2. d4 d5 3. e5 c5 4. Nf3 cxd4 5. Nxd4 Nc6 6. c4 e6 7. Nc3 Bc5 8. Nxc6
bxc6 9. Qg4 Ne7 10. Qxg7 Ng6 11. cxd5 cxd5 12. Bb5+ Bd7 13. O-O Bf8 14. Qf6 Be7
15. Qf3 Nxe5 16. Qh5 Bxb5 17. Nxb5 Ng6 18. Be3 Qd7 19. Nd4 Bf6 20. Rad1 Rb8 21.
b3 Rc8 22. f4 Rc3 23. Qe2 Ne7 24. Rc1 Rxc1 25. Rxc1 O-O 26. Qa6 Rb8 27. f5 Rb6
28. fxe6 fxe6 29. Qe2 e5 30. Nf3 d4 31. Bd2 Qg4 32. h3 Qf5 33. Rf1 d3 34. Qe1
e4 35. Be3 exf3 36. Rxf3 Qe5 37. Qg3+ Qxg3 38. Rxg3+ Bg5 39. Bxg5 Rg6 40. Kf2
Nf5 41. Rxd3 Rxg5 42. Rd8+ Kf7 43. Rd7+ Kg6 44. g4 Ng7 45. Rxa7 Rc5 46. h4 Ne6
1/2-1/2

[Event "4NCL Division 1c"]
[Site "Birmingham, ENG"]
[Date "2016.03.20"]
[Round "8.115"]
[White "Eggleston, David J"]
[Black "Bates, Richard A"]
[Result "0-1"]
[WhiteElo "2393"]
[BlackElo "2324"]
[PlyCount "128"]
[EventDate "2016.03.20"]
[WhiteTeam "Cheddleton 1"]
[BlackTeam "Blackthorne Russia"]

1. e4 c5 2. Nf3 d6 3. d4 cxd4 4. Nxd4 Nf6 5. Nc3 a6 6. Be3 e5 7. Nb3 Be6 8. f3
h5 9. Qd2 Nbd7 10. Nd5 Bxd5 11. exd5 Qc7 12. c4 g6 13. Be2 a5 14. Rc1 a4 15.
Na1 Qa5 16. Qxa5 Rxa5 17. Nc2 Bh6 18. Bxh6 Rxh6 19. Na3 Ke7 20. Nb5 Rh8 21. Kf2
Rc8 22. Rhd1 Nc5 23. Rb1 Nfd7 24. b4 axb3 25. axb3 Na6 26. b4 Ra4 27. Nc3 Rxb4
28. Rxb4 Nxb4 29. Rb1 Na6 30. Rxb7 Nac5 31. Ra7 Rb8 32. Nb5 Rb7 33. Ra8 Nb6 34.
Ra3 Rb8 35. h4 Ra8 36. Rxa8 Nxa8 37. g4 Nb6 38. gxh5 gxh5 39. f4 Ne4+ 40. Ke3
f5 41. Bd3 Nc5 42. Be2 Ne4 43. Na7 Ng3 44. Nc6+ Kf6 45. fxe5+ dxe5 46. d6 Ne4
47. Na5 Nxd6 48. Kd3 Na4 49. Bxh5 Nc5+ 50. Ke2 f4 51. Bg4 e4 52. Nc6 Nxc4 53.
Nd4 Ne5 54. Bf5 Nf3 55. Ne6 Nxe6 56. Bxe4 Nxh4 57. Kf2 Ke5 58. Ba8 Ng5 59. Ke2
Kd4 60. Bb7 Ne4 61. Ba6 f3+ 62. Ke1 Ke3 63. Kd1 Nf2+ 64. Ke1 Nd3+ 0-1

[Event "4NCL Division 1c"]
[Site "Birmingham, ENG"]
[Date "2016.03.20"]
[Round "8.116"]
[White "Ledger, Dave J"]
[Black "Williams, Simon K"]
[Result "0-1"]
[WhiteElo "2232"]
[BlackElo "2435"]
[PlyCount "61"]
[EventDate "2016.03.20"]
[WhiteTeam "Blackthorne Russia"]
[BlackTeam "Cheddleton 1"]

1. e4 c5 2. Nf3 d6 3. d4 cxd4 4. Nxd4 Nf6 5. Nc3 g6 6. Be3 a6 7. f3 b5 8. g4
Bb7 9. g5 Nh5 10. Nde2 Nd7 11. Ng3 Nxg3 12. hxg3 Rc8 13. Bd4 e5 14. Be3 Nb6 15.
Rh2 d5 16. Nxd5 Bxd5 17. exd5 Nxd5 18. Bd2 Be7 19. Bd3 Bxg5 20. Be4 Qb6 21. Kf1
Rd8 22. Bxg5 Ne3+ 23. Bxe3 Rxd1+ 24. Rxd1 Qxe3 25. Bc6+ Kf8 26. Re2 Qg5 27. Kg2
h5 28. Re4 h4 29. g4 h3+ 30. Kh2 f5 31. Rd8+ 0-1

[Event "4NCL Division 1c"]
[Site "Birmingham, ENG"]
[Date "2016.03.20"]
[Round "8.117"]
[White "Kirk, Ezra"]
[Black "Nelson, Jonathan P"]
[Result "1-0"]
[WhiteElo "2307"]
[BlackElo "2184"]
[PlyCount "127"]
[EventDate "2016.03.20"]
[WhiteTeam "Cheddleton 1"]
[BlackTeam "Blackthorne Russia"]

1. d4 d6 2. c4 Nd7 3. Nc3 e5 4. g3 Ngf6 5. Bg2 c6 6. Nf3 e4 7. Nd2 d5 8. O-O
Be7 9. cxd5 cxd5 10. f3 exf3 11. Nxf3 O-O 12. Kh1 Nb6 13. Be3 Nc4 14. Bg1 Be6
15. Ng5 Rc8 16. e4 Bg4 17. Qc1 Nh5 18. Nf3 dxe4 19. Nxe4 f5 20. Nc5 Nd6 21. Qe1
Ne4 22. Nxe4 fxe4 23. Qxe4 Bf5 24. Qxb7 Rb8 25. Qc6 Rf6 26. Qc4+ Be6 27. Qe2
Rh6 28. Bf2 Bd5 29. Kg1 Re6 30. Ne5 Bxg2 31. Kxg2 Qd5+ 32. Qf3 Qxf3+ 33. Nxf3
Rxb2 34. Rfe1 Rxe1 35. Rxe1 Kf8 36. a4 Nf6 37. Ne5 Bb4 38. Nd3 Bxe1 39. Nxb2
Bxf2 40. Kxf2 Ke7 41. Nc4 Ke6 42. Ne3 Ne4+ 43. Kf3 Nc3 44. a5 a6 45. g4 Nb5 46.
Ke4 Nd6+ 47. Kd3 Nb7 48. Nc4 Kd5 49. h4 g6 50. g5 Nd8 51. Ne3+ Kd6 52. Ke4 Kc6
53. Nc4 Kb5 54. Kd5 Kb4 55. Ne5 Kc3 56. Nc6 Nb7 57. Ke6 Kc4 58. d5 Kc5 59. Nb8
Nxa5 60. Nxa6+ Kd4 61. d6 Nb7 62. d7 Ke4 63. Kf6 Nd8 64. Nc7 1-0

[Event "4NCL Division 1c"]
[Site "Birmingham, ENG"]
[Date "2016.03.20"]
[Round "8.118"]
[White "Ledger, Stephen C"]
[Black "Steil-Antoni, Fiona"]
[Result "0-1"]
[WhiteElo "2177"]
[BlackElo "2181"]
[PlyCount "106"]
[EventDate "2016.03.20"]
[WhiteTeam "Blackthorne Russia"]
[BlackTeam "Cheddleton 1"]

1. d4 d6 2. Nf3 Bg4 3. Nbd2 Nd7 4. h3 Bxf3 5. Nxf3 e5 6. e3 e4 7. Nd2 f5 8. b3
Ngf6 9. Bb2 d5 10. g4 Bd6 11. gxf5 O-O 12. c4 c6 13. Rg1 Kh8 14. Qe2 Ng8 15.
Qg4 Rf7 16. cxd5 cxd5 17. Bb5 Nh6 18. Qg5 Be7 19. Qg2 Nxf5 20. O-O-O Bb4 21.
Qg4 Nf8 22. a3 Qa5 23. axb4 Qxb5 24. Bc3 Rc8 25. Kb2 Rc6 26. Rc1 Ng6 27. Rge1
Nfh4 28. Qe2 Qxe2 29. Rxe2 Rcf6 30. Rf1 b5 31. Nb1 Nf3 32. Be1 a6 33. Nc3 Ne7
34. Nd1 h5 35. Rc2 Ng5 36. Rh1 Ne6 37. Rg1 g5 38. Rg2 Kh7 39. Nc3 Kh6 40. Ne2
Rf3 41. Ng1 R3f6 42. Ne2 Ng6 43. Ng1 Nh4 44. Rh2 Nf3 45. Nxf3 exf3 46. Rc6 Nc7
47. Rxf6+ Rxf6 48. Kc2 Ne8 49. Rh1 Nd6 50. Kd3 Ne4 51. Rf1 Rc6 52. Bd2 Kg6 53.
Ra1 Nxf2# 0-1

[Event "4NCL Division 1c"]
[Site "Birmingham, ENG"]
[Date "2016.03.20"]
[Round "8.121"]
[White "Shaw, John"]
[Black "Wells, Peter K"]
[Result "1/2-1/2"]
[WhiteElo "2452"]
[BlackElo "2422"]
[PlyCount "109"]
[EventDate "2016.03.20"]
[WhiteTeam "Wood Green HK"]
[BlackTeam "White Rose 1"]

1. e4 c5 2. Nc3 Nc6 3. Bb5 Nd4 4. Bc4 a6 5. a4 e6 6. Nge2 Nf6 7. O-O d5 8. exd5
exd5 9. Ba2 Bd6 10. d3 Nc6 11. Nf4 Bxf4 12. Bxf4 h6 13. Qd2 Be6 14. Rae1 O-O
15. Ne2 d4 16. Bxe6 fxe6 17. Bxh6 gxh6 18. Qxh6 e5 19. f4 Nh7 20. fxe5 Qg5 21.
Qe6+ Kh8 22. Ng3 Rae8 23. Rxf8+ Rxf8 24. Ne4 Qf4 25. Qd6 Nxe5 26. Qxc5 Ng5 27.
Qxf8+ Qxf8 28. Nxg5 Ng4 29. Nf3 Qf4 30. h3 Ne3 31. Re2 Qd6 32. b3 Qc5 33. Ne1
Qc7 34. Kf2 Nf5 35. Nf3 Qg3+ 36. Kg1 Qf4 37. Kf2 Qc1 38. g4 Ne3 39. Nxd4 Nd1+
40. Kf3 Nc3 41. Re8+ Kh7 42. Rd8 Qf1+ 43. Kg3 Qe1+ 44. Kf3 Qf1+ 45. Kg3 Nd1 46.
Rd7+ Kg6 47. Nf3 Qf2+ 48. Kf4 Qe3+ 49. Kg3 Nc3 50. h4 Ne2+ 51. Kg2 Nf4+ 52. Kg3
Ne2+ 53. Kg2 Nf4+ 54. Kg3 Ne2+ 55. Kg2 1/2-1/2

[Event "4NCL Division 1c"]
[Site "Birmingham, ENG"]
[Date "2016.03.20"]
[Round "8.122"]
[White "Adair, James R"]
[Black "Speelman, Jon S"]
[Result "1/2-1/2"]
[WhiteElo "2470"]
[BlackElo "2520"]
[PlyCount "97"]
[EventDate "2016.03.20"]
[WhiteTeam "White Rose 1"]
[BlackTeam "Wood Green HK"]

1. e4 c6 2. d4 d5 3. e5 Bf5 4. Nf3 e6 5. Be2 Ne7 6. c3 Nc8 7. Qb3 Qc7 8. Nh4
Bg6 9. Nd2 c5 10. Nxg6 hxg6 11. Nf3 Nc6 12. O-O Nb6 13. Bf4 a6 14. Rac1 Rc8 15.
g3 Be7 16. h4 Na5 17. Qd1 Nac4 18. b3 Na3 19. Kg2 c4 20. Rh1 Nd7 21. Ng5 Nf8
22. Qd2 Nh7 23. h5 Nxg5 24. Bxg5 Bxg5 25. Qxg5 Qe7 26. Qg4 g5 27. f4 gxf4 28.
gxf4 f5 29. exf6 Qxf6 30. Bf3 O-O 31. Rhe1 Qxf4 32. Qxf4 Rxf4 33. Rxe6 cxb3 34.
axb3 Rxd4 35. cxd4 Rxc1 36. Bxd5 Kf8 37. Bxb7 Nb5 38. d5 Rc2+ 39. Kf1 Rb2 40.
Re3 Rd2 41. Ke1 Rd4 42. Ke2 Rb4 43. Kd2 a5 44. Bc6 Kf7 45. Be8+ Kf6 46. Re6+
Kf5 47. Bg6+ Kf4 48. Re3 Rd4+ 49. Bd3 1/2-1/2

[Event "4NCL Division 1c"]
[Site "Birmingham, ENG"]
[Date "2016.03.20"]
[Round "8.123"]
[White "McDonald, Neil"]
[Black "Palliser, Richard J D"]
[Result "1-0"]
[WhiteElo "2409"]
[BlackElo "2420"]
[PlyCount "49"]
[EventDate "2016.03.20"]
[WhiteTeam "Wood Green HK"]
[BlackTeam "White Rose 1"]

1. e4 c5 2. Nf3 d6 3. d4 cxd4 4. Nxd4 Nf6 5. Nc3 a6 6. Bg5 e6 7. f4 h6 8. Bh4
Qb6 9. Qd2 Qxb2 10. Rb1 Qa3 11. Be2 Be7 12. O-O Nbd7 13. Bf3 Qc5 14. Bf2 Qc7
15. Rfe1 Nc5 16. e5 dxe5 17. fxe5 Nh7 18. Nf5 exf5 19. Nd5 Qd7 20. Qc3 Na4 21.
e6 Nxc3 22. exd7+ Bxd7 23. Rxe7+ Kf8 24. Rxb7 Nf6 25. Bc5 1-0

[Event "4NCL Division 1c"]
[Site "Birmingham, ENG"]
[Date "2016.03.20"]
[Round "8.124"]
[White "Ly, Moulthun"]
[Black "Greet, Andrew N"]
[Result "1/2-1/2"]
[WhiteElo "2500"]
[BlackElo "2452"]
[PlyCount "125"]
[EventDate "2016.03.20"]
[WhiteTeam "White Rose 1"]
[BlackTeam "Wood Green HK"]

1. e4 e5 2. Nf3 Nc6 3. Bb5 a6 4. Ba4 Nf6 5. O-O Be7 6. d3 b5 7. Bb3 d6 8. a3
Na5 9. Ba2 c5 10. Nc3 Nc6 11. Nd5 Be6 12. c3 Bxd5 13. exd5 Nb8 14. b4 cxb4 15.
axb4 Nbd7 16. Bd2 O-O 17. c4 Qb8 18. Re1 Re8 19. Rc1 bxc4 20. dxc4 a5 21. bxa5
Qb2 22. Rc2 Qa3 23. Re3 Qc5 24. Rb3 Ne4 25. Be1 Rxa5 26. Bxa5 Qxa5 27. Bb1 Nec5
28. Ra2 Qc7 29. Rb5 Bf6 30. g3 g6 31. Qe1 Qd8 32. Re2 Re7 33. Kg2 h5 34. h4 Qe8
35. Nd2 Bg7 36. Nb3 Nxb3 37. Rxb3 Nc5 38. Rb5 Rc7 39. f4 Nd7 40. f5 Rxc4 41.
fxg6 fxg6 42. Bd3 Rd4 43. Qb1 Kh7 44. Re4 Nc5 45. Rxd4 exd4 46. Qd1 Kg8 47. Qf3
Be5 48. Rxc5 dxc5 49. Qe4 Kf8 50. Qe2 Bf6 51. Qc2 Kg7 52. Qxc5 Qe3 53. Qc7+ Kh6
54. Qf7 Qxd3 55. Qxf6 Qe4+ 56. Kh2 Qe2+ 57. Kh3 Qg4+ 58. Kg2 Qe4+ 59. Qf3 Qc2+
60. Kh3 Qc8+ 61. Kg2 Qc2+ 62. Kh3 Qc8+ 63. Kg2 1/2-1/2

[Event "4NCL Division 1c"]
[Site "Birmingham, ENG"]
[Date "2016.03.20"]
[Round "8.125"]
[White "Pein, Malcolm"]
[Black "McNab, Colin A"]
[Result "1/2-1/2"]
[WhiteElo "2357"]
[BlackElo "2435"]
[PlyCount "41"]
[EventDate "2016.03.20"]
[WhiteTeam "Wood Green HK"]
[BlackTeam "White Rose 1"]

1. d4 d6 2. Nf3 g6 3. c4 Bg7 4. Nc3 e5 5. e4 Nc6 6. dxe5 dxe5 7. Qxd8+ Kxd8 8.
Bg5+ f6 9. Rd1+ Bd7 10. Be3 Kc8 11. Be2 Nh6 12. O-O Be6 13. Nd5 Nf7 14. Nd2 Nd4
15. Bxd4 exd4 16. Nb3 Re8 17. Nxd4 Bd7 18. Nc3 c6 19. f4 Kc7 20. Bf3 Rad8 21.
Rfe1 1/2-1/2

[Event "4NCL Division 1c"]
[Site "Birmingham, ENG"]
[Date "2016.03.20"]
[Round "8.126"]
[White "Maroroa, Sue"]
[Black "Fitzsimons, David"]
[Result "0-1"]
[WhiteElo "2297"]
[BlackElo "2388"]
[PlyCount "114"]
[EventDate "2016.03.20"]
[WhiteTeam "White Rose 1"]
[BlackTeam "Wood Green HK"]

1. e4 g6 2. d4 Bg7 3. Nc3 c6 4. Bc4 d6 5. Nf3 Nf6 6. Bb3 O-O 7. O-O Bg4 8. h3
Bxf3 9. Qxf3 Nbd7 10. Be3 Qc7 11. Rad1 b5 12. Ne2 e5 13. c3 Rfe8 14. Ng3 a5 15.
Bg5 a4 16. Bc2 h6 17. Bc1 exd4 18. cxd4 c5 19. dxc5 dxc5 20. Bf4 Ne5 21. Qe3 g5
22. Bxg5 hxg5 23. Qxg5 Nh7 24. Qh5 Ng6 25. Nf5 Qe5 26. Nxg7 Kxg7 27. Qxe5+ Nxe5
28. Rd5 Rac8 29. b3 Nf6 30. Rd6 axb3 31. axb3 Nc6 32. Re1 Nd4 33. Bd3 Red8 34.
Rb6 c4 35. bxc4 bxc4 36. Bb1 c3 37. Re3 Rb8 38. Rxb8 Rxb8 39. Bd3 Nd7 40. Kh2
Nc5 41. Bc2 Rb2 42. Rxc3 Rxc2 43. Rxc2 Nxc2 44. f3 Ne3 45. Kg3 Kf6 46. Kf2 Nc4
47. h4 Nd3+ 48. Ke2 Nf4+ 49. Kf2 Ke5 50. g4 Kd4 51. h5 Ne5 52. h6 Neg6 53. Kg3
Ne6 54. g5 Nxg5 55. Kg4 Nxe4 56. f4 Nf6+ 57. Kf3 Ne7 0-1

[Event "4NCL Division 1c"]
[Site "Birmingham, ENG"]
[Date "2016.03.20"]
[Round "8.127"]
[White "Craft, Isaac"]
[Black "Webb, Matthew D"]
[Result "0-1"]
[WhiteElo "2037"]
[BlackElo "2220"]
[PlyCount "55"]
[EventDate "2016.03.20"]
[WhiteTeam "Wood Green HK"]
[BlackTeam "White Rose 1"]

1. e4 c5 2. Nf3 d6 3. d4 cxd4 4. Nxd4 Nf6 5. Nc3 a6 6. Be2 e6 7. Be3 Qc7 8. O-O
b5 9. Bf3 Bb7 10. a3 Be7 11. g3 Nbd7 12. Bg2 Ne5 13. Qe1 O-O 14. f4 Nc4 15. b3
Nxe3 16. Qxe3 Ng4 17. Qd2 Rac8 18. Nce2 e5 19. Bh3 h5 20. Bxg4 hxg4 21. Nf5
Bxe4 22. Nxe7+ Qxe7 23. c3 Qa7+ 24. Rf2 Bf3 25. Re1 Rfe8 26. h3 gxh3 27. Nc1
Rxc3 28. Nd3 0-1

[Event "4NCL Division 1c"]
[Site "Birmingham, ENG"]
[Date "2016.03.20"]
[Round "8.128"]
[White "Townsend, M Paul"]
[Black "Longson, Sarah N"]
[Result "1-0"]
[WhiteElo "2248"]
[BlackElo "2109"]
[PlyCount "37"]
[EventDate "2016.03.20"]
[WhiteTeam "White Rose 1"]
[BlackTeam "Wood Green HK"]

1. d4 d5 2. c4 dxc4 3. e3 Nf6 4. Bxc4 Nc6 5. Nc3 a6 6. Qb3 e6 7. Nf3 b5 8. Be2
Bb7 9. O-O Be7 10. a3 O-O 11. Rd1 Na5 12. Qc2 Nd5 13. e4 Nb6 14. b3 Qe8 15. Bb2
Rd8 16. Rac1 Nd7 17. d5 exd5 18. Nxd5 Nc6 19. Nxc7 1-0

[Event "4NCL Division 1c"]
[Site "Birmingham, ENG"]
[Date "2016.03.20"]
[Round "8.131"]
[White "Parker, Jonathan F"]
[Black "Sanders, Isaac B"]
[Result "1-0"]
[WhiteElo "2528"]
[BlackElo "2348"]
[PlyCount "55"]
[EventDate "2016.03.20"]
[WhiteTeam "Barbican 4NCL 1"]
[BlackTeam "Barbican 4NCL 2"]

1. Nf3 f5 2. g3 Nf6 3. Bg2 g6 4. O-O Bg7 5. d4 O-O 6. c4 d6 7. Nc3 Qe8 8. Re1
e5 9. dxe5 dxe5 10. e4 Nc6 11. Nd5 fxe4 12. Ng5 Nxd5 13. cxd5 Nd4 14. Nxe4 Bf5
15. Be3 Qb5 16. Rc1 Bxe4 17. Bxe4 Rf7 18. d6 cxd6 19. a4 Qd7 20. Bxd4 d5 21.
Bf3 Rxf3 22. Qxf3 exd4 23. b3 Rf8 24. Qe2 Qf5 25. Qe6+ Qxe6 26. Rxe6 d3 27. Rd1
Bd4 28. Rxd3 1-0

[Event "4NCL Division 1c"]
[Site "Birmingham, ENG"]
[Date "2016.03.20"]
[Round "8.132"]
[White "Merry, Alan B"]
[Black "Turner, Matthew J"]
[Result "1/2-1/2"]
[WhiteElo "2367"]
[BlackElo "2502"]
[PlyCount "32"]
[EventDate "2016.03.20"]
[WhiteTeam "Barbican 4NCL 2"]
[BlackTeam "Barbican 4NCL 1"]

1. e4 e5 2. Nf3 Nc6 3. Nc3 Nf6 4. d4 exd4 5. Nxd4 Bb4 6. Nxc6 bxc6 7. Bd3 d5 8.
exd5 cxd5 9. O-O O-O 10. Bg5 c6 11. Qf3 Bd6 12. h3 Rb8 13. b3 h6 14. Bxf6 Qxf6
15. Qxf6 gxf6 16. Ne2 Kh8 1/2-1/2

[Event "4NCL Division 1c"]
[Site "Birmingham, ENG"]
[Date "2016.03.20"]
[Round "8.133"]
[White "Jackson, James P"]
[Black "Cox, John J"]
[Result "1-0"]
[WhiteElo "2347"]
[BlackElo "2353"]
[PlyCount "95"]
[EventDate "2016.03.20"]
[WhiteTeam "Barbican 4NCL 1"]
[BlackTeam "Barbican 4NCL 2"]

1. e4 c5 2. Nf3 Nc6 3. d4 cxd4 4. Nxd4 e5 5. Nb5 d6 6. c4 Be7 7. N1c3 a6 8. Na3
f5 9. exf5 Bxf5 10. Bd3 Be6 11. Nc2 Nf6 12. O-O O-O 13. Ne3 Qd7 14. b3 Rae8 15.
Ne4 h6 16. Nxf6+ Bxf6 17. Be4 b5 18. cxb5 axb5 19. Nd5 Ne7 20. Ba3 Rd8 21. Rc1
Nxd5 22. Bxd5 Kh8 23. Bb4 Be7 24. a3 Rf4 25. Bxe6 Qxe6 26. Rc7 Bf8 27. Rc6 Qf7
28. g3 Rf3 29. Bc3 e4 30. Qc2 d5 31. Bd4 Bxa3 32. Rxh6+ Kg8 33. Ra6 Bf8 34.
Rfa1 Rd3 35. Ra7 Qf3 36. Bxg7 e3 37. Bd4 e2 38. Re1 Qe4 39. Qc7 Be7 40. Qxe7
Qxe7 41. Rxe7 Rxd4 42. R1xe2 Rd1+ 43. Re1 Rd3 44. R7e3 Rd2 45. Kg2 d4 46. Re8+
Rxe8 47. Rxe8+ Kf7 48. Re5 1-0

[Event "4NCL Division 1c"]
[Site "Birmingham, ENG"]
[Date "2016.03.20"]
[Round "8.134"]
[White "Rogers, Jonathan W"]
[Black "Griffiths, Ryan Rhys"]
[Result "1-0"]
[WhiteElo "2277"]
[BlackElo "2353"]
[PlyCount "53"]
[EventDate "2016.03.20"]
[WhiteTeam "Barbican 4NCL 2"]
[BlackTeam "Barbican 4NCL 1"]

1. d4 Nf6 2. Nf3 e6 3. Bf4 c5 4. e3 b6 5. Nc3 cxd4 6. Nb5 Na6 7. Qxd4 Bb7 8.
Nd6+ Bxd6 9. Bxd6 Nc5 10. Nd2 Rc8 11. b4 Nce4 12. Nxe4 Bxe4 13. c4 h5 14. f3
Bb7 15. h4 Rh7 16. Bd3 g6 17. b5 Ng8 18. a4 Nh6 19. a5 Nf5 20. Bxf5 gxf5 21.
axb6 axb6 22. Ra7 Ba8 23. Rh3 f6 24. Rg3 Kf7 25. Bf4 Kf8 26. Qd6+ Qe7 27. Rxd7
1-0

[Event "4NCL Division 1c"]
[Site "Birmingham, ENG"]
[Date "2016.03.20"]
[Round "8.135"]
[White "D'Costa, Lorin A R"]
[Black "Poobalasingam, Peter S"]
[Result "1/2-1/2"]
[WhiteElo "2398"]
[BlackElo "2243"]
[PlyCount "87"]
[EventDate "2016.03.20"]
[WhiteTeam "Barbican 4NCL 1"]
[BlackTeam "Barbican 4NCL 2"]

1. c4 d6 2. g3 e5 3. Bg2 Be7 4. Nc3 c6 5. e4 Be6 6. d3 Bg5 7. f4 exf4 8. Nf3
Bf6 9. gxf4 Bxc3+ 10. bxc3 Bg4 11. Rb1 Qc7 12. O-O Ne7 13. Qe1 Bxf3 14. Rxf3
Nd7 15. Ba3 f6 16. d4 Nb6 17. c5 dxc5 18. Bxc5 O-O 19. Bh3 f5 20. exf5 Ned5 21.
Bxf8 Rxf8 22. Qe5 Qd8 23. Rg3 Nf6 24. Qe2 Qc7 25. a4 Qxf4 26. a5 Nbd7 27. Rxb7
Re8 28. Qxe8+ Nxe8 29. Rxd7 Qc1+ 30. Bf1 h5 31. f6 Nxf6 32. Rdxg7+ Kf8 33. Rxa7
Ne4 34. Rf3+ Ke8 35. a6 Nd2 36. Ra8+ Ke7 37. Raf8 Nxf3+ 38. Rxf3 Kd6 39. Kf2
Kc7 40. Rf7+ Kb8 41. Rf8+ Ka7 42. Rf7+ Ka8 43. Rf8+ Ka7 44. Rf7+ 1/2-1/2

[Event "4NCL Division 1c"]
[Site "Birmingham, ENG"]
[Date "2016.03.20"]
[Round "8.136"]
[White "Navarro Cia, Miguel"]
[Black "Taylor, Martin R"]
[Result "1/2-1/2"]
[WhiteElo "2275"]
[BlackElo "2322"]
[PlyCount "136"]
[EventDate "2016.03.20"]
[WhiteTeam "Barbican 4NCL 2"]
[BlackTeam "Barbican 4NCL 1"]

1. e4 e5 2. Nf3 Nc6 3. d4 exd4 4. Nxd4 Nf6 5. Nxc6 bxc6 6. e5 Qe7 7. Qe2 Nd5 8.
c4 Nb6 9. Nc3 a5 10. f4 Qe6 11. Qe4 d5 12. exd6 Bxd6 13. Bd3 f5 14. Qe2 O-O 15.
O-O Bc5+ 16. Kh1 Qxe2 17. Bxe2 Be6 18. b3 a4 19. Rb1 axb3 20. axb3 Rab8 21. Bf3
Bd4 22. Ne2 Bf6 23. Be3 Rfd8 24. Rfd1 Rxd1+ 25. Rxd1 Nc8 26. Rd3 Ne7 27. Kg1
Ra8 28. Bc5 Ra5 29. Bb4 Ra6 30. Kf2 Kf7 31. Ke3 Ng6 32. Bh5 Be7 33. Bxg6+ hxg6
34. Bxe7 Kxe7 35. Nd4 Bd7 36. Nf3 Ra2 37. Ne5 Be8 38. Rd2 Ra3 39. Rb2 c5 40. h4
Kd6 41. Rd2+ Ke7 42. Rd3 Ra2 43. Kf3 Rb2 44. Kg3 Re2 45. Kf3 Rb2 46. Re3 Kf8
47. Kg3 Rb1 48. Kh2 Rb2 49. Rg3 Kg8 50. Rd3 Kf8 51. Rd8 Rxb3 52. Nxg6+ Kf7 53.
Ne5+ Ke7 54. Rd5 c6 55. Rxc5 Ra3 56. Nf3 Bd7 57. Re5+ Kf6 58. Rc5 Ke7 59. Ne5
Be8 60. Nxc6+ Kd6 61. Ra5 Rxa5 62. Nxa5 Kc5 63. Kg3 g6 64. Kf3 Kb4 65. g4 fxg4+
66. Kxg4 Kxa5 67. Kg5 Kb4 68. f5 gxf5 1/2-1/2

[Event "4NCL Division 1c"]
[Site "Birmingham, ENG"]
[Date "2016.03.20"]
[Round "8.137"]
[White "Sowray, Peter J"]
[Black "Coleman, David J"]
[Result "1-0"]
[WhiteElo "2349"]
[BlackElo "2161"]
[PlyCount "43"]
[EventDate "2016.03.20"]
[WhiteTeam "Barbican 4NCL 1"]
[BlackTeam "Barbican 4NCL 2"]

1. d4 Nf6 2. c4 Nc6 3. Nf3 e6 4. g3 d5 5. Bg2 dxc4 6. Qa4 Bb4+ 7. Bd2 Qd6 8. a3
Bxd2+ 9. Nbxd2 O-O 10. Nxc4 Qd5 11. Ne3 Qd7 12. Rc1 Rd8 13. O-O Rb8 14. Qc2 Qe7
15. Rfd1 Bd7 16. Nc4 Be8 17. e3 Rbc8 18. b4 a6 19. Nfe5 Nd5 20. Nxc6 bxc6 21.
Na5 Rd6 22. Nb7 1-0

[Event "4NCL Division 1c"]
[Site "Birmingham, ENG"]
[Date "2016.03.20"]
[Round "8.138"]
[White "Regan, Natasha K"]
[Black "Lauterbach, Ingrid"]
[Result "0-1"]
[WhiteElo "2030"]
[BlackElo "2090"]
[PlyCount "78"]
[EventDate "2016.03.20"]
[WhiteTeam "Barbican 4NCL 2"]
[BlackTeam "Barbican 4NCL 1"]

1. Nf3 Nf6 2. c4 d6 3. g3 g6 4. b4 e5 5. d3 Bg7 6. Bb2 O-O 7. Bg2 a5 8. b5 Nbd7
9. O-O Nc5 10. d4 exd4 11. Nxd4 Nh5 12. Qc2 f5 13. e3 Nf6 14. Nd2 Qe7 15. a4
Re8 16. N4b3 Nce4 17. Nxe4 fxe4 18. c5 Be6 19. Rac1 dxc5 20. Nxc5 Bd5 21. Rfd1
c6 22. Nb3 Qf7 23. Nd4 Bf8 24. Qb1 c5 25. Nc2 Ng4 26. Rd2 Bc4 27. Ne1 Rad8 28.
Rxd8 Qxf2+ 29. Kh1 Rxd8 30. Rxc4 Nxe3 31. Rxe4 c4 32. Rxe3 Qxe3 33. Qe4 Qxe4
34. Bxe4 Bb4 35. Be5 Rd1 36. Kg2 Rxe1 37. Bd5+ Kf8 38. Bf4 c3 39. Bxb7 Bc5 0-1

[Event "4NCL Division 1c"]
[Site "Birmingham, ENG"]
[Date "2016.03.20"]
[Round "8.141"]
[White "Flear, Glenn C"]
[Black "Sadler, Matthew D"]
[Result "0-1"]
[WhiteElo "2452"]
[BlackElo "2666"]
[PlyCount "58"]
[EventDate "2016.03.20"]
[WhiteTeam "Guildford 2"]
[BlackTeam "Guildford 1"]

1. d4 Nf6 2. c4 e6 3. Nf3 b6 4. e3 Bb7 5. Bd3 d5 6. b3 Bd6 7. O-O O-O 8. Bb2
Nbd7 9. Nbd2 Re8 10. Rc1 a6 11. Qc2 c5 12. Ne5 h6 13. f4 Rc8 14. Qb1 cxd4 15.
exd4 Bb4 16. Ndf3 Ne4 17. cxd5 Nxe5 18. Rxc8 Nxf3+ 19. gxf3 Bxc8 20. fxe4 exd5
21. e5 Bh3 22. Rf3 Qh4 23. Bxa6 Bd2 24. Kh1 Bg4 25. Qf1 Bxf3+ 26. Qxf3 Bxf4 27.
Qe2 Ra8 28. Bb7 Rxa2 29. Bxd5 Bxh2 0-1

[Event "4NCL Division 1c"]
[Site "Birmingham, ENG"]
[Date "2016.03.20"]
[Round "8.142"]
[White "Jones, Gawain C B"]
[Black "Fernandez, Daniel Howard"]
[Result "1-0"]
[WhiteElo "2645"]
[BlackElo "2472"]
[PlyCount "57"]
[EventDate "2016.03.20"]
[WhiteTeam "Guildford 1"]
[BlackTeam "Guildford 2"]

1. e4 e6 2. d4 d5 3. Nd2 dxe4 4. Nxe4 Bd7 5. Nf3 Bc6 6. Neg5 Nd7 7. Bc4 Bd5 8.
Nxf7 Kxf7 9. Ng5+ Ke8 10. Nxe6 Bxe6 11. Bxe6 Bd6 12. O-O Ndf6 13. Re1 Kf8 14.
c4 c6 15. Bd2 Ne7 16. Qf3 Bc7 17. Rad1 b5 18. Bg5 Ng6 19. Qxc6 bxc4 20. Bxc4
Rb8 21. Bxf6 gxf6 22. Re8+ Kg7 23. Rxd8 Bxd8 24. Qd7+ Kh6 25. Rd3 Rxb2 26. Rh3+
Kg5 27. Bd3 Ne7 28. Rg3+ Kh6 29. Qh3# 1-0